| 000 | 00701nam a2200181Ia 4500 | ||
|---|---|---|---|
| 008 | 151202s9999||||xx |||||||||||||| ||und|| | ||
| 082 | _bPNVM-66084 | ||
| 100 | _aराममूर्ती एस. | ||
| 245 | _aमाय लाईफ इन पोलिस. | ||
| 260 | _b"अनिल अपूर्व प्रिटंर्स अॅन्ड मॅन्यु. प्रा. लि. , पुणे." | ||
| 260 | _c2004 | ||
| 300 | _a146 | ||
| 600 | _aराममूर्ती एस. | ||
| 630 | _aमाय लाईफ इन पोलिस. | ||
| 700 | _aराममूर्ती एस. | ||
| 730 | _aमाय लाईफ इन पोलिस. | ||
| 942 | _cBOOK | ||
| 999 |
_c1332616 _d1332613 |
||